00551nam a2200181Ia 450000500170000000800410001702000180005808200190007624500290009526000530012430000220017765000100019965000190020970000250022894200060025395200950025999900150035420241217015702.0240331s9999 xx 000 0 und d a9780761935704 bPAU26172a305 0aWomen in Peace Politics  aNew DelhibSAGE Publications India Pvt Ltdc2008 axix, 323 p., (V3) aWomen aPeace Politics aBanerjee, Paulaeedt cL 001040708LaWERCLbWERCLcSSCd2024-03-31l0o 305 WONp6172r2024-03-31w2024-03-31yL c5769d5769